logo

Bir Sreshtho Munshi Abdur Rouf Library
Jhenaidah Cadet College

জয় বাংলা: (Record no. 11602)

MARC details
000 -LEADER
fixed length control field 00931nam a2200253 a 4500
001 - CONTROL NUMBER
JCCL Control Number 11602
003 - CONTROL NUMBER IDENTIFIER
JCCL marc code BD-JhCC
005 - DATE AND TIME OF LATEST TRANSACTION
control field 20200705110457.0
008 - FIXED-LENGTH DATA ELEMENTS--GENERAL INFORMATION
fixed length control field 200705b2020 bg a|||| ||a| 000 0 ben d
020 ## - INTERNATIONAL STANDARD BOOK NUMBER
International Standard Book Number 9789845982719
035 ## - SYSTEM CONTROL NUMBER
system control number (BD-JhCC)11602
040 ## - CATALOGING SOURCE
Original cataloging agency BD-JhCC
Modifying agency BD-JhCC
041 ## - LANGUAGE CODE
Language code of Book ben
082 ## - DEWEY DECIMAL CLASSIFICATION NUMBER
Classification number 954.9205
Author mark and Year JOY 2020
245 ## - TITLE STATEMENT
Title জয় বাংলা:
Remainder of title শেখ মজিবুর রহমান /
Statement of responsibility, etc ভূমিকা: শেখ হাসিনা, সম্পা: নুরুল ইসলাম নাহিদ, পিয়াস মজিদ ।
260 ## - PUBLICATION, DISTRIBUTION, ETC. (IMPRINT)
Place of publication, distribution, etc ঢাকা:
Name of publisher, distributor, etc চারুলিপি;
Date of publication, distribution, etc ২০২০.
300 ## - PHYSICAL DESCRIPTION
Pagination 143p. :
Other physical details ill;
Dimensions 18 cm.
650 ## - SUBJECT ADDED ENTRY--TOPICAL TERM
Topical term or geographic name as entry element History of War
Geographic subdivision Bangladesh
700 ## - ADDED ENTRY--PERSONAL NAME
Personal name হাসিনা, শেখ
700 ## - ADDED ENTRY--PERSONAL NAME
Personal name নাহিদ, নুরুল ইসলাম
700 ## - ADDED ENTRY--PERSONAL NAME
Personal name মজিদ, পিয়াস
942 ## - ADDED ENTRY ELEMENTS (KOHA)
Source of classification or shelving scheme Dewey Decimal Classification
Koha item type Books
Holdings
Source of classification or shelving scheme Damaged status Not for loan Home library Current library Shelving location Date of accession Cost, normal purchase price Total Checkouts Full call number Barcode Date last seen Copy number Koha item type
Dewey Decimal Classification     JCC Rouf Library JCC Rouf Library General Stacks 07/05/2020 262.00   954.9205 JOY 2020 15859 07/05/2020 C-1 Books

JCC Library | Contacts | JCC Home

Last Update on 23 September 2017
Copyright @ 2017-2020 JCC Rouf Library
Rouf Library, Jhenidah Cadet College (JCC), Bangladesh